Devinez la Capitale Mystère #58 - Statistiques

Statistiques générales
  • Ce quiz a été pris 178 fois
  • Le résultat moyen est 29 sur 35
Statistiques - réponses
Type de Réponse Réponse % Correct
Lettre Trouvée A
100%
Lettre Trouvée I
100%
Lettre Trouvée N
100%
Lettre Trouvée R
100%
Lettre Trouvée S
100%
Lettre de l'Alphabet O
99%
Lettre de l'Alphabet E
98%
Lettre de l'Alphabet L
97%
Lettre de l'Alphabet B
96%
Lettre de l'Alphabet M
96%
Lettre de l'Alphabet D
95%
Lettre Trouvée T
95%
Lettre Trouvée P
93%
Lettre Bien Placée P
92%
Lettre de l'Alphabet G
91%
Lettre de l'Alphabet U
90%
Lettre de l'Alphabet C
87%
Lettre de l'Alphabet K
86%
Lettre de l'Alphabet H
83%
Lettre de l'Alphabet W
82%
Lettre de l'Alphabet V
79%
Lettre Bien Placée A
77%
Lettre Bien Placée R
77%
Lettre de l'Alphabet Y
77%
Lettre Bien Placée N
72%
Lettre Bien Placée S
71%
Lettre de l'Alphabet J
68%
Lettre de l'Alphabet X
68%
Lettre de l'Alphabet Z
65%
Lettre Bien Placée I
63%
Lettre Bien Placée T
63%
Lettre de l'Alphabet F
59%
Lettre de l'Alphabet Q
59%
Lettre Bien Placée I
58%
Capitale Mystère Pristina
56%
Aucun quiz correspondant
Distribution des résultats
% des personnes avec chaque résultat
Percentile par nombre de réponses
Votre historique - résultats
Vous n’avez pas pris ce quiz